000 00913cam a22002651 4500
001 ne 67001220
003 DLC
005 20260227111833.0
008 870403m19671977ua b 000 0 arar
010 _ane 67001220
035 _a(OCoLC)15481267
040 _aDLC
_cWaU
_dOCoLC
_dDLC
041 1 _aara
_hger
042 _apremarc
050 0 0 _aZ7053
_b.B862
100 1 _aBrockelmann, Carl,
_d1868-1956.
245 1 0 _aTārīkh al-adab al-ʻArabī,
_c[taʼlīf Carl Brockelmann. Naqalahu ilá al-ʻArabīyah ʻAbd al-Ḥalīm al-Najjār.
260 _aMiṣr,
_bDār al-Maʻārif,
_c1967-
300 _av.
500 _aAt head of title: Jāmiʻat al-Duwal al-ʻArabīyah. al-Idārah al-Thaqāfīyah.
500 _aTranslation of Geschichte der arabischen Litteratur.
500 _aVol. 2 called: Ṭabʻah 2.
650 0 _aArabic literature
_xBio-bibliography.
700 1 _aNajjār, ʻAbd al-Ḥalīm.
999 _c49684
_d49684